Statistics for Garth Brooks Charting Songs (Billboard Hot 100)

Click here to take the quiz!

General Stats

  • This quiz has been taken 4 times
  • The average score is 2 of 9

Answer Stats

AlbumWeeks OnPeakArtistSong% Correct
Fun5 Weeks#78Garth Brooks & Blake SheltonDive Bar
100%
Gunslinger7 Weeks#71Garth BrooksAsk Me How I Know
50%
The Life of Chris Gaines10 Weeks#5Garth Brooks as Chris GainesLost in You
25%
The Ultimate Hits16 Weeks#53Garth BrooksMore Than a Memory
25%
Scarecrow20 Weeks#46Garth BrooksWrapped Up in You
0%
No Fences14 Weeks#50Garth BrooksWild Horses
0%
The Lost Sessions14 Weeks#59Garth BrooksGood Ride Cowboy
0%
Double Live5 Weeks#62Garth BrooksIt's Your Song
0%
Sevens6 Weeks#69Garth BrooksDo What You Gotta Do
0%

Score Distribution

Percentile by Number Answered

Percent of People with Each Score

Your Score History

You have not taken this quiz